Brasil A-Z - Statistics

Estatísticas Gerais
  • Esse quiz foi jogado 101 vezes
  • A pontuação média é 16 de 26
Estatísticas das Respostas
Letra Resposta % Correto
B-Capital do país Brasília
100%
C-Estátua considerada uma das 7 sete maravilhas do mundo moderno Cristo Redentor
98%
A-Maior ídolo do automobilismo brasileiro Ayrton Senna
93%
M-Maior estádio de futebol do Brasil Maracanã
92%
K-Brasileiro Bola de Ouro em 2007 Kaká
86%
D-Menor estado brasileiro Distrito Federal
83%
G-Maior aeroporto da América do Sul Guarulhos
83%
T-Estado mais recente a ser fundado Tocantins
83%
R-Cidade considerada o "berço do samba" Rio de Janeiro
81%
V-Capital do Espírito Santo Vitória
81%
E-Nome real do maior jogador de futebol da história do país Edson Arantes do Nascimento
75%
N-Quem projetou os edifícios de Brasília, Oscar ________ Niemeyer
73%
F-Cidade onde se localiza o famoso "Beach Park" Fortaleza
72%
Z-Líder quilombola brasileiro Zumbi dos Palmares
72%
O-Cidade mineira considerada patrimônio mundial pela UNESCO Ouro Preto
68%
U-Capital do triângulo mineiro Uberlândia
67%
L-Cantor conhecido como Rei do Baião Luiz Gonzaga
60%
W-Cantor de sertanejo brasileiro Wesley Safadão
57%
P-Maior montanha do Brasil Pico da Neblina
50%
J-Região no estado de Tocantins Jalapão
45%
Y-Povo indígena que habita a região norte da Amazônia Yanomami
45%
Q-Uma das ilhas mais perigosas do mundo por sua vasta quantidade de cobras-Ilha da ________ ______ Queimada Grande
28%
X-Apelido do time gaúcho Brasil de Pelotas Xavante
20%
H-São Paulo é a capital brasileira dos ____________ Helicópteros
19%
S-Menor cidade por população, localizada em MG Serra da Saudade
8%
I-Cânion mais famoso situado entre RS e SC Itaimbezinho
5%
Nenhum quiz correspondente encontrado
Distribuição das Pontuações
Porcentagem de Pessoas com Cada Pontuação
Percentil de Números Respondidos
Sua Pontuação Histórica
Você não jogou esse quiz